| 000 | 01145nam a2200349 c 4500 | ||
|---|---|---|---|
| 001 | 23002 | ||
| 003 | ES-MaCES | ||
| 005 | 20150925142052.0 | ||
| 008 | 100426s2009 sp l o000 | spa d | ||
| 017 |
_aLR 470-2009 _bDL |
||
| 035 | _aCES20100003384m | ||
| 040 |
_aES-MaCES _bspa _cES-MaCES |
||
| 110 | 2 |
_aConsejo Económico y Social de La Rioja _92443 |
|
| 245 | 1 | 0 |
_aDictamen 13-2009 sobre el Anteproyecto de ley de medidas fiscales y administrativas para el año 2010 _cConsejo Económico y Social de La Rioja |
| 260 |
_aLogroño _bCES _c[2009] |
||
| 300 |
_a20 p. _c21 cm |
||
| 500 | _aTít. tomado de la cub. | ||
| 541 | _cGratuito | ||
| 650 | 4 |
_apolítica económica _927025 |
|
| 650 | 4 |
_apolítica fiscal _928082 |
|
| 650 | 4 |
_aadministración pública _927214 |
|
| 650 | 4 |
_agobierno regional _929907 |
|
| 650 | 4 |
_aLa Rioja (Comunidad Autónoma) _930883 |
|
| 650 | 4 |
_a2009 _931942 |
|
| 650 | 4 |
_arégimen jurídico _929894 |
|
| 650 | 4 |
_adictamen _930802 |
|
| 653 | 1 | 0 | _aPolítica económica |
| 650 | 4 |
_928086 _aimpuesto |
|
| 902 | _aLIB Libro | ||
| 942 |
_2CES _cBK _h0.0. |
||
| 999 |
_c23002 _d23002 |
||